000
00312nam a2200133Ia 4500
008
260604s9999 xx 000 0 und d
020
_a
9781529740783
082
_a
658.4 REE
100
_a
Gary rees
_9
35770
245
0
_a
Strategic Human Resource Management
260
_b
SAGE
500
_a
Strategy
942
_c
BK
999
_c
8600
_d
8600